01105nam a2200289 a 450000100060000000300090000600500170001500600090003200800410004101500120008201700540009402000180014803500210016604000280018704100120021508000200022708200140024710000260026124503190028725000120060626000280061830000610064649000250070749000150073265000330074770000350078026284CO-ViMGA20230915232154.0a4445471141112s2004 ck r 000 u spa d aMON0907 aB 37776 - 2007 Oficina Depósito Legal Barcelona a9788426136152 a(OCoLC)228138321 aCO-ViMGAbspacCO-ViMGA aspa ita a087.5 : 591.54204aI591 B27d1 aBertolucci, Cristiano10aDía y noche : blos animales de día y los nocturnos en Europa, Áüfrica, Australia, Asia, América del Sur : binsectos, pájaros, rapaces, reptiles, mamíferos, marsupiales ilustraciones de Ferruccio Cucchiarini ; [texto, Cristiano Bertolucci, Francesco Milo ; traducción de Raquel Soláá García] a1¬ ed. aBarcelona Juventud 2007 a27 p. (algunas pleg.) principalmente il. col. 25 x 29 cm aColeccion Contrastes aContrastes14aAnimales - Libros infantiles1 aCucchiarini, Ferruccio 1962 -